000 00858nam a2200217 a 4500
001 000029271
005 20200930055435.0
008 110414s1981 dr a 000 0 spa d
040 _aDO-SdBNP
_bspa
_cBNPHU
082 _axxx
_bA325i
100 1 _aAlbaine Pons, José R.
_956159
245 1 0 _aIntroducción al estudio del régimen alimenticio del pájaro carpintero (Melanerpes striatus V.) en la República Dominicana /
_cJosé R Albaine Pons; Gilberto Grullón Peña.
260 _aSan Pedro de Macorís :
_bUniversidad Central del Este (UCE),
_c1981.
_fEditora Taller
300 _a19 p. :
_bil. ;
_c21 cm.
490 1 _aCuadernos de la UCE
_vno. 5
500 _aIncluye notas al pie de las páginas
504 _aBibliografía : p. 18-19
700 1 _aGrullón Peña, Gilberto
_956160
830 0 _aCuadernos de la UCE ;
_vno. 5
_956161
049 _aBNPD
999 _c28763
_d28763